000
00276nam a2200097Ia 4500
008
120527s9999 xx 000 0 und d
100
_a
Gelatt,K.N.
245
_a
Handbook of small animal optithamic surgery vol1;Extraocular -procedure.
260
_b
Verlag Pergamon
942
_c
BK
999
_c
15002
_d
15002